000 00603nam a22002177a 4500
003 OSt
005 20260128115344.0
008 260122b |||||||| |||| 00| 0 eng d
020 _a9789349482845
041 _aEng
050 _a610./DEO
082 _21st
_a610./DEO
100 _aDeori doli
_9216505
110 _aDebbarma Punam
_9216415
245 _aEducational Technology Nursing education for BSc Nursing Students 5th Semester
260 _aJalandhar,punjab
_blotus Publication
_c22.01.2026
300 _a348 P.
365 _a281
610 _aNursing Education
_9216416
942 _2ddc
_cDB
999 _c370036
_d370036